000 01102nam a22002175i 4500
001 166439
003 ES-MaACL
005 20250826083218.0
008 981125s1889 sp |||| | spa d
040 _aCCPB | B
_bspa
_cCCPB | B
100 1 _aTomás y Estruch, Francisco.
_9133293
245 1 0 _aUnión Hispano-Americana
_b: discurso pronunciado en la reunión Magna de Corporaciones y Sociedades Españolas y Americanas convocada por el Fomento del Trabajo Nacional de Barcelona con objeto de adherirse al Comité Internacional de la Unión Hispano-Americana ... /
_cFrancisco Tomás y Estruch.
250 _aEd. costeada por españoles y americanos.
260 _aBarcelona :
_b[s.n.],
_c1889 (
_fImprenta de Henrich y Compª.)
300 _a8 p. ;
_c25 cm.
610 2 _aUnión Ibero-Americana.
_97037
710 2 _aUnión Ibero-Americana.
_97037
710 2 _aFomento del Trabajo Nacional (Cataluña)
_94136
852 _aES-MaACL
_jT-516-F-7
_z-- Enc. hol. conservando la cub. original
_z-- Dedic. ms. del autor al Ateneo de Madrid
_z-- Enc. en un vol. facticio
999 _c166439
_d166439